| Tag |
First Indicator |
Second Indicator |
Subfields |
| LEADER |
00000cam a2200000 a 4500 |
| 001 |
in00000011770 |
| 005 |
20151007051706.0 |
| 008 |
870107s1987 wiu b s00100 eng |
| 010 |
|
|
|a 86034030
|
| 020 |
|
|
|a 0299110206 :
|c $24.00
|
| 035 |
|
|
|a (OCoLC)15108644
|
| 035 |
|
|
|9 AAA4315AM
|
| 040 |
|
|
|a DLC
|c DLC
|d TXA
|d UtOrBLW
|
| 049 |
|
|
|a TXAM
|c [A12622962]
|
| 050 |
0 |
0 |
|a P301
|b .R465 1987
|
| 082 |
0 |
|
|a 808
|2 19
|
| 245 |
0 |
4 |
|a The Rhetoric of the human sciences :
|b language and argument in scholarship and public affairs /
|c edited by John S. Nelson, Allan Megill & McCloskey.
|
| 264 |
|
1 |
|a Madison :
|b University of Wisconsin Press,
|c 1987.
|
| 300 |
|
|
|a xiii, 445 pages ;
|c 24 cm.
|
| 336 |
|
|
|a text
|b txt
|2 rdacontent
|
| 337 |
|
|
|a unmediated
|b n
|2 rdamedia
|
| 338 |
|
|
|a volume
|b nc
|2 rdacarrier
|
| 490 |
1 |
|
|a Rhetoric of the human sciences
|
| 504 |
|
|
|a Includes bibliographies and index.
|
| 650 |
|
0 |
|a Rhetoric.
|
| 650 |
|
0 |
|a Learning and scholarship.
|
| 650 |
|
0 |
|a Research.
|
| 700 |
1 |
|
|a Nelson, John S.,
|d 1950-
|
| 700 |
1 |
|
|a Megill, Allan.
|
| 700 |
1 |
|
|a McCloskey, Deirdre N.
|
| 830 |
|
0 |
|a Rhetoric of the human sciences.
|
| 999 |
|
|
|a MARS
|
| 999 |
f |
f |
|s 1ee71ded-f528-3b6f-8e5c-9ce14d558cd0
|i e1026949-dfa0-3d72-a59f-8c4b166e4d82
|t 0
|
| 952 |
f |
f |
|p normal
|a Texas A&M University
|b College Station
|c Sterling C. Evans Library
|d Evans: Library Stacks
|t 0
|e P301 .R465 1987
|h Library of Congress classification
|i unmediated -- volume
|m A14812622962
|
| 998 |
f |
f |
|a P301 .R465 1987
|t 0
|l Evans: Library Stacks
|